Livres San Antonio par Frédéric Dard - Statistiques

Statistiques générales
  • Ce quiz a été pris 33 fois
  • Le résultat moyen est 143 sur 203
Statistiques - réponses
Année Réponse % Correct
1956 Fais {gaffe} à tes os
100%
1949 Réglez-lui son {compte} !
100%
1996 T'assieds pas sur le {compte}-gouttes
100%
1956 Ca tourne au {vinaigre}
96%
1975 Certains l'{aiment} chauve
96%
1960 J'suis comme {ça}
96%
1955 Le {fil} à couper le beurre
96%
1994 Mesdames, vous aimez "{ça}" !
96%
1974 Mets ton {doigt} où j'ai mon doigt
96%
1971 N'en jetez {plus} !
96%
1956 A {tue}... et à toi
91%
1990 Au {bal} des rombières
91%
1954 Bas les {pattes} !
91%
1955 C'est mort et ça ne {sait} pas
91%
1961 De "A" jusqu'à "{Z}"
91%
1953 Descendez à la {prochaine}
91%
1953 Des clientes pour la {morgue}
91%
1975 Dis {bonjour} à la dame
91%
1955 J'ai bien l'{honneur} de vous buter
91%
1952 Laissez tomber la {fille}
91%
1965 La {rate} au court-bouillon
91%
1963 Le {coup} du Père François
91%
1974 Les {prédictions} de Nostrabérus
91%
1951 Les souris ont la {peau} tendre
91%
1987 Le trouillomètre à {zéro}
91%
1974 {Maman}, les petits bateaux
91%
1971 Moi, vous {me} connaissez ?
91%
1966 Salut, {mon} pope !
91%
1983 Si {maman} me voyait !
91%
1978 Si ma {tante} en avait
91%
1959 Tout le plaisir est pour {moi}
91%
1968 Un {éléphant} ça trompe !
91%
1965 {Vas}-y Béru !
91%
1961 Y'a {bon}, San Antonio
91%
1968 {Zéro} pour la question
91%
1983 Des gonzesses comme s'il en {pleuvait}
87%
1982 Du {bois} dont on fait les pipes
87%
1955 Du {mouron} à se faire
87%
1953 Du {plomb} dans les tripes
87%
1958 En long, en {large} et en travers
87%
1963 En peignant la {girafe}
87%
1959 Entre la {vie} et la morgue
87%
1977 {Hue}, dada !
87%
1961 La fin des {haricots}
87%
1980 Meurs pas, on a du {monde}
87%
1979 Mon culte sur la {commode}
87%
1959 On t'enverra du {monde}
87%
1959 Prenez-en de la {graine}
87%
1976 Remets ton {slip}, gondolier
87%
1974 {Si}, Signore !
87%
1974 Un {os} dans la noce
87%
1993 Allez donc faire ça plus {loin}
83%
1980 A {prendre} ou à lécher
83%
1993 Aux {frais} de la princesse
83%
1980 {Baise}-ball à La Baule
83%
1967 Béru {contre} San Antonio
83%
1970 Ca {mange} pas de pain
83%
1986 Fais {pas} dans le porno...
83%
1968 Faut-il vous l'{envelopper} ?
83%
1962 Fleur de nave {vinaigrette}
83%
1973 J'ai {essayé} : on peut !
83%
1995 Le pétomane ne {répond} plus
83%
1956 Les {doigts} dans le nez
83%
1966 {Mange} et tais-toi
83%
1962 Ménage tes {méninges}
83%
1984 Pleins {feux} sur le tutu
83%
1990 Princesse, patte en l'{air}
83%
1959 San Antonio met le {paquet}
83%
1960 San Antonio renvoie la {balle}
83%
1980 Tarte à la {crème} story
83%
1972 T'es {beau}, tu sais !
83%
1995 Turlute gratos les {jours} fériés
83%
1968 {Viva} Bertaga !
83%
1992 {Al} Capote
78%
1986 {Alice} au pays des merguez
78%
1957 Au {suivant} de ces messieurs
78%
1964 Bérurier au {sérail}
78%
1972 Ca ne s'{invente} pas
78%
1999 Ceci est bien une {pipe}
78%
1987 {Circulez} ! Y'a rien à voir
78%
1990 Cocottes-{minute}
78%
NA 2011 Deux petits {tours} et puis s'en vont
78%
1958 Du {poulet} au menu
78%
1957 J'ai peur des {mouches}
78%
1999 Lâche-le, il tiendra tout {seul}
78%
1975 La vie {privée} de Walter Klozett
78%
1962 Le {loup} habillé en grand-mère
78%
1957 Les anges se font {plumer}
78%
1984 Les deux {oreilles} et la queue
78%
NA 2003 Les escargots ne {savent} plus baver
78%
1969 Ma {langue} au Chah
78%
1952 Mes hommages à la {donzelle}
78%
1961 Ne mangez pas la {consigne}
78%
1989 Papa, achète-moi une {pute}
78%
1961 San Antonio chez les {Mac}
78%
NA 2006 San Antonio s'envoie en l'air : roman de haut {vol}
78%
1979 Tire m'en deux, c'est pour {offrir}
78%
NA 2002 Un pompier {nommé} Béru
78%
NA 2015 A découper selon les {pointillés}
74%
1987 Bons {baisers} où tu sais
74%
1991 Bosphore et fais {reluire}
74%
1969 En avant la {moujik}
74%
1993 Faites {chauffer} la colle
74%
1993 Foiridon à Morbac-{City}
74%
1981 La Pute {enchantée}
74%
1967 L'archipel des {Malotrus}
74%
1986 Le {Casse} de l'oncle Tom
74%
1963 Le {gala} des emplumés
74%
1955 Messieurs les {hommes}
74%
1983 Morpions {circus}
74%
1983 Remouille-moi la {compresse}
74%
1954 Sérénade pour une {souris} défunte
74%
1965 {Tango} chinetoque
74%
1989 Tartes aux {poils} sur commande
74%
1958 Tu vas {trinquer} San Antonio
74%
1977 Une {banane} dans l'oreille
74%
NA 2008 Arrête ton {char}, Béru : roman givré
70%
1985 Bacchanale chez la {mère} Tatzi
70%
1988 Baisse la {pression}, tu me les gonfles !
70%
1960 Berceuse pour {Bérurier}
70%
2001 Céréales {killer}
70%
1986 {Chauds,} les lapins !
70%
NA 2002 Corrida pour une {vache} folle
70%
1953 Des dragées sans {baptême}
70%
1957 Des gueules d'{enterrement}
70%
1954 {Deuil} express
70%
1958 La Vérité en {salade}
70%
1989 Le {cri} du morpion
70%
1988 Les {morues} se dessalent
70%
1954 Passez-moi la {Joconde}
70%
1976 {Sucette} boulevard
70%
1991 Têtes et {sacs} de noeuds
70%
1976 {Concerto} pour porte-jarretelles
65%
1971 {Emballage} cadeau
65%
1978 Fais-moi des {choses}
65%
1987 Galantine de {volaille} pour dames frivoles
65%
1997 Grimpe-la en {danseuse}
65%
1997 La {Queue} en trompette
65%
1989 Ma {cavale} au Canada
65%
1994 Maman, la dame fait {rien} qu'à me faire des choses
65%
1988 Renifle, c'est de la {vraie}
65%
1954 Rue des {Macchabées}
65%
1962 San Antonio chez les "{gones}"
65%
1994 Sauce tomate sur {canapé}
65%
1978 Viens avec ton {cierge}
65%
1992 Y'en avait dans les {pâtes}
65%
1972 Appelez-moi {chérie}
61%
1968 Bravo, {docteur} Béru
61%
1977 Chérie, passe-moi tes {microbes} !
61%
NA 2011 Comme sur des {roulettes}
61%
1960 Du {brut} pour les brutes
61%
1960 Du {sirop} pour les guèpes
61%
1958 Le secret de {Polichinelle}
61%
1995 Les eunuques ne sont {jamais} chauves
61%
1995 Les {huîtres} me font bâiller
61%
NA 2016 Ma tête à {couper}
61%
1985 {Plein} les moustaches
61%
NA2005 San Antonio priez pour {nous} ! roman romanesque
61%
1999 Trempe ton pain dans la {soupe}
61%
1983 Va donc m'{attendre} chez Plumeau
61%
1978 Vol au-dessus d'un {lit} de cocu
61%
1964 {Votez} Bérurier
61%
1967 Y'a de l'{action}
61%
1996 De l'antigel dans le {calbute}
57%
1982 L'année de la {moule}
57%
1957 La tombola des {voyous}
57%
1989 {Valsez}, pouffiasses
57%
1981 {Champagne} pour tout le monde !
52%
1985 Dégustez, {gourmandes}
52%
1967 Faut être {logique}
52%
1986 La fête des {paires}
52%
1993 La {Matrone} des sleepinges
52%
1997 Ne soldez pas grand-mère, elle {brosse} encore
52%
1991 Buffalo-{Bide}
48%
1998 Du {sable} dans la vaseline
48%
1984 Laissez pousser les {asperges}
48%
NA 2004 Le silence des {anneaux} : roman qui fait peur
48%
1992 Le silence des {homards}
48%
1981 On {liquide} et on s'en va
48%
NA 2006 Vingt mille {noeuds} sous les mers : roman suffocant
48%
1991 Le {hareng} perd ses plumes
43%
NA 2008 Rencontres d'un très {sale} type : roman de sens-friction
43%
1963 San Antonio {polka}
43%
1988 Ca {baigne} dans le béton
39%
1991 Les {cochons} sont lâchés
39%
NA 2009 Lâche-nous les {bandelettes} : roman pharaonique
35%
NA 2007 Macchab' {Academy} : reality roman
35%
NA 2004 San Antonio tient le {bambou} : roman Crusoé
35%
NA 2016 Sur le {sentier} de naguère
35%
NA 2012 Bérurier {président}
30%
1985 Poisson d'avril ou la vie {sexuelle} de Lili Pute
30%
NA 2010 Ca sent le {sapin}
26%
NA 2008 {Comme} à con-fesses : roman peu orthodoxe
26%
NA 2007 {Culbutes} dans le calbute : roman précieux
26%
NA 2005 Ze San Antonio {code} : roman poilant
26%
NA 2013 Contre {X}
22%
NA 2003 Ca se corse : roman {explosif}
17%
NA 2006 Shocking ! roman veri {britiche}
13%
NA 2006 San Antonio contre San Antonio : roman {génétique}
9%
1985 Après vous s'il en reste, monsieur le [Président}
4%
1982 Bouge ton [pied} que je voie la mer
4%
NA 2014 {Scrimes}
4%
NA 2009 Des vertes et des pas {mûres] : roman bien cru
0%
Aucun quiz correspondant
Distribution des résultats
% des personnes avec chaque résultat
Percentile par nombre de réponses
Votre historique - résultats
Vous n’avez pas pris ce quiz